000 00423nam a2200157Ia 4500
005 20241217151700.0
008 231217s9999 xx 000 0 und d
020 _a9788120341388
082 _a001.642 BHA;15
100 _aBhatt, Pramod Chandra P.
245 0 _aIntroduction to operating systems : concepts and practice
250 _a3rd ed.
260 _c2010
_bPHI
_aNew Delhi
300 _axxiii, 800
942 _cAA
999 _c193191
_d193191